000 00454nam a22001817a 4500
003 MPLRDC
005 20220104144035.0
008 210129b ||||| |||| 00| 0 eng d
020 _a957-33-1805-9
082 _a855 GSJ-4
100 _a谷淑娟著
245 _a爱情拜家女, 谷拉拉告别单身书
_c
250 _a初版
260 _a
_b皇冠丛书
_c2001
300 _b
650 _a散文;随笔、日记
942 _cBK
_o855 GSJ-4
999 _c45799
_d45789